Joaquín Costa, el gran fracasado / (Record no. 186878)

MARC details
000 -LEADER
campo de control de longitud fija 00989nam a2200253 i 4500
001 - NÚMERO DE CONTROL
campo de control 186878
003 - IDENTIFICADOR DE NÚMERO DE CONTROL
campo de control ES-MaACL
005 - FECHA Y HORA DE LA ÚLTIMA TRANSACCIÓN
campo de control 20260304121637.0
008 - DATOS DE LONGITUD FIJA--INFORMACIÓN GENERAL
campo de control de longitud fija 170224s1930 sp |||| | spa d
100 1# - ENTRADA PRINCIPAL--NOMBRE DE PERSONA
Nombre de persona Ciges Aparicio, M.,
Fechas asociadas al nombre 1873-1936
9 (RLIN) 38817
245 10 - MENCIÓN DEL TÍTULO
Título Joaquín Costa, el gran fracasado /
Mención de responsabilidad, etc. por M. Ciges Aparicio.
250 ## - MENCION DE EDICION
Mención de edición 1ª ed.
260 ## - PUBLICACIÓN, DISTRIBUCIÓN, ETC.
Lugar de publicación, distribución, etc. Madrid :
Nombre del editor, distribuidor, etc. Espasa-Calpe,
Fecha de publicación, distribución, etc. 1930.
300 ## - DESCRIPCIÓN FÍSICA
Extensión 2 h. de lám., 264 p., [2] h. de lám. ;
Dimensiones 19 cm.
490 1# - MENCIÓN DE SERIE
Mención de serie Vidas españolas del siglo XIX ;
Designación de volumen o secuencia 8
504 ## - NOTA DE BIBLIOGRAFÍA, ETC.
Nota de bibliografía, etc. Bibliografía: Las obras de Costa: p. [253]-264.
530 ## - NOTA DISPONIBLE DE FORMULARIO FÍSICO ADICIONAL
Nota de formato físico adicional disponible Disponible en formato digital.
600 14 - PUNTO DE ACCESO ADICIONAL DE MATERIA--NOMBRE DE PERSONA
Nombre de persona Costa, Joaquín,
Fechas asociadas al nombre 1846-1911-
Subdivisión general Biografías
9 (RLIN) 172846
830 1# - PUNTO DE ACCESO ADICIONAL DE SERIE-TÍTULO UNIFORME
Título uniforme Vidas españolas del siglo XIX ;
Designación de volumen o secuencia 8
9 (RLIN) 192637
852 ## - LOCALIZACIÓN
Ubicación ES-MaACL
Número de control de estantería C-23220
Nota libre Ejemplar falto de portada.
Ubicación en estantería Galería
856 4# - LOCALIZACIÓN Y ACCESO ELECTRÓNICOS
Identificador Uniforme de Recursos <a href="https://bibliotecavirtual.aragon.es/es/consulta/registro.do?id=2045">https://bibliotecavirtual.aragon.es/es/consulta/registro.do?id=2045</a>
Texto de enlace Biblioteca Virtual de Aragón
942 ## - ELEMENTOS DE ENTRADA SECUNDARIOS (KOHA)
Fuente del sistema de clasificación o colocación Clasificación decimal universal
Holdings
Estatus retirado Estado de pérdida Estado de daño No para préstamo Colección Biblioteca de origen Biblioteca actual Ubicación en estantería Fecha de adquisición Fuente de adquisición Total de préstamos Signatura topográfica completa Código de barras Visto por última vez Precio de reemplazo Tipo de ítem Koha
        Colección digital Biblioteca del Ateneo de Madrid Biblioteca del Ateneo de Madrid Depósito 2 24/02/2017     C-23220 1197118 23/02/2023 23/02/2023 Libro impreso